000 00433nam a22001697a 4500
003 OSt
005 20160712151625.0
008 121122t xxu||||| |||| 00| 0 eng d
020 _a0439682479
050 _aPZ 7
_b.F631 2004
100 _aFlood, Walt
_96220
245 _aThe last leaf /
_cWalt Flood.
260 _aNew York :
_bScholastic Inc.,
_c2004.
300 _a16 p. :
_c20 cm.
_bill. ;
942 _2lcc
_cBK
999 _c115478
_d115478